National Gallery: guía

-д хадгалсан:
Номзүйн дэлгэрэнгүй
Үндсэн зохиолч: Langmuir, Erika (Зохиогч)
Формат: Ном
Хэл сонгох:испани
Хэвлэсэн: Londres National Gallery Company Limited 1998
Нөхцлүүд:
Шошгууд: Шошго нэмэх
Шошго байхгүй, Энэхүү баримтыг шошголох эхний хүн болох!

MARC

LEADER 00000nam a2200000 a 4500
001 UCM9934
003 CL-VaPUC
008 030530e19980000UK |||||||||||||||||spa|d
082 0 4 |a 708.212  |b LAN  |2 21 
100 0 |a Langmuir, Erika  |e author  |9 476583 
245 1 0 |a National Gallery: guía 
300 |a 344 p 
942 |c BK 
945 |d 20030530 00:00:00  |a cmena 
260 |a Londres  |b National Gallery Company Limited  |c 1998 
650 0 |a Museos  |9 269209 
650 7 |a GALERIAS DE ARTE  |2 CL-VaPUC  |9 476584 
650 0 |a Pintura  |9 265046 
651 7 |a LONDRES  |2 CL-VaPUC  |9 476585 
583 |a last modification  |c 20030530 00:00:00  |k Rodrigo Vera 
999 |c 304008  |d 304006 
952 |0 0  |1 0  |4 0  |6 708_212000000000000_LAN_1998  |7 0  |8 A  |9 365733  |a BIBHIS  |b BIBHIS  |d 2019-11-21  |i 3889912  |o 708.212 LAN 1998  |p 3889912  |r 2025-01-20  |w 2019-11-21  |y BK  |k HIS